Schiller o la invención del idealismo alemán

Salvato in:
Dettagli Bibliografici
Autore principale: Safranski, Rudiger (Autore)
Natura: Libro
Lingua:spagnolo
Pubblicazione: Barcelona Tusquets 2006
Edizione:1a. ed
Serie:Tiempo de Memoria, 53
Soggetti:
Tags: Aggiungi Tag
Nessun Tag, puoi essere il primo ad aggiungerne!!

MARC

LEADER 00000cam a2200000 a 4500
001 UCF1213
003 CL-VaPUC
008 120621e20060300SP |||||||||||||||||spa|d
020 |a 8483104598 
082 0 4 |a 921.3  |b SAF  |2 21 
100 0 |a Safranski, Rudiger  |e author  |9 562805 
245 1 0 |a Schiller o la invención del idealismo alemán 
250 |a 1a. ed 
300 |a 568 p 
942 |c BK 
945 |d 20120621 00:00:00  |a dcastane 
260 |a Barcelona  |b Tusquets  |c 2006 
600 0 |a Schiller, Friedrich   |e autor  |9 310361 
650 0 |a Filosofía alemana   |9 265002 
650 7 |a FILOSOFOS ALEMANES  |2 CL-VaPUC  |9 562806 
650 0 |a Biografías  |9 255210 
583 |a last modification  |c 20120621 10:53:00  |k Rodrigo Vera 
490 0 |a Tiempo de Memoria, 53 
999 |c 348107  |d 348105 
952 |0 0  |1 0  |4 0  |6 921_300000000000000_SAF_2006  |7 0  |8 A  |9 449987  |a BIBEDU  |b BIBEDU  |d 2019-11-22  |i 4831349  |o 921.3 SAF 2006  |p 4831349  |r 2019-11-22  |w 2019-11-22  |y BK  |k FIL